All United Nations Observer States (UN) - Statistics

General Stats
  • This quiz has been taken 57 times
  • The average score is 7 of 18
Answer Stats
Status State % Correct
Current State of Palestine
83%
Current Holy See
70%
Past North Korea
43%
Past East Germany
41%
Past West Germany
39%
Past Switzerland
37%
Past South Korea
35%
Past Vietnam
35%
Past Austria
33%
Past Monaco
33%
Past Japan
30%
Past South Vietnam
28%
Past Bangladesh
26%
Past North Vietnam
26%
Past Finland
24%
Past Kuwait
24%
Past Spain
24%
Past Italy
22%
No matching quizzes found
Score Distribution
Percent of People with Each Score
Percentile by Number Answered
Your Score History
You have not taken this quiz